000 00475cam a22001694a 4500
005 20250605164302.0
008 250528s ||||||||||||||||||||||||d
035 _a22117
040 _aGR-AtMCL
_bgre
_dGR-AtMCL
_eAACR2
245 1 _aΣΗΜΕΙΩΣΕΙΣ ΒΙΟΨΥΧΟΛΟΓΙΑΣ
250 _a1
260 _bΑυτοεκδοση,
_c2009
700 1 _aΜαλεγιαννακη Αμαρυλλις-Χρυση
_97996
942 _cBK
999 _c7173
_d7173